[Event "Open A"]
[Site "Hamburg GER"]
[Date "2005.10.01"]
[Round "1"]
[White "Jacob,V"]
[Black "Ristic,Sr"]
[Result "1-0"]
[WhiteElo "2282"]
[BlackElo "1942"]

1.d4 d5 2.c4 c6 3.Nc3 e6 4.e3 Nf6 5.Nf3 Be7 6.Qc2 Nbd7 7.b3 b6 8.Be2 Bb7
9.Bb2 Rc8 10.O-O a6 11.Rad1 O-O 12.Ne5 Re8 13.f4 c5 14.f5 cxd4 15.Nxf7 Kxf7
16.fxe6+ Kxe6 17.Nxd5 g6 18.Rxd4 Bxd5 19.Rxd5 Qc7 20.Qd1 Bd6 21.Bg4+ Ke7
22.Bxf6+ Nxf6 23.Rxd6 Nxg4 24.Qd5  1-0

[Event "Wch-Seniors"]
[Site "Lignano Sabbiadoro ITA"]
[Date "2005.10.01"]
[Round "4"]
[White "Kock,HU"]
[Black "Maissenbacher,W"]
[Result "1/2-1/2"]
[WhiteElo "2127"]
[BlackElo "1981"]

1.d4 d5 2.Nf3 Nf6 3.c4 e6 4.Nc3 c6 5.e3 Be7 6.Qc2 Nbd7 7.b3 O-O 8.Bd3 b6
9.O-O a5 10.e4 dxe4 11.Nxe4 Bb7 12.Rd1 Qc7 13.Bb2 h6 14.Ne5 Nxe4 15.Bxe4 Nf6
16.Bf3 Rad8 17.Qe2 Bd6 18.h3 Nd7 19.Qe4 Nxe5 20.dxe5 Be7 21.Bc3 Ba8 22.Qg4 Rxd1+
23.Rxd1 c5 24.Bxa8 Rxa8 25.Rd3 Rd8 26.Rg3 Bf8 27.f4 Qd7  1/2-1/2

[Event "Bygger'n Masters"]
[Site "Gausdal NOR"]
[Date "2005.10.02"]
[Round "2"]
[White "Aandal,K"]
[Black "Svensen,T"]
[Result "0-1"]
[WhiteElo "1941"]
[BlackElo "2112"]

1.d4 d5 2.c4 c6 3.Nf3 Nf6 4.Nc3 e6 5.e3 Nbd7 6.Qc2 Bd6 7.g4 dxc4 8.Bxc4 Nd5
9.Bd2 Qc7 10.Ne4 Bb4 11.Bxb4 Nxb4 12.Qb3 Nd5 13.Qa3 c5 14.Nxc5 O-O 15.Bd3 N7f6
16.h3 b6 17.Ne4 Bb7 18.Ned2 Nxe3 19.Ke2 Ned5 20.Kf1 Nf4 21.Be2 N6d5 22.h4 a5
23.b3 Nxe2 24.Kxe2 Qc3 25.Qd6 Nb4 26.Qg3 Ba6+ 27.Nc4 Qd3+  0-1

[Event "Open A"]
[Site "Hamburg GER"]
[Date "2005.10.02"]
[Round "2"]
[White "Conrad,C"]
[Black "Hector,J"]
[Result "0-1"]
[WhiteElo "2220"]
[BlackElo "2509"]

1.d4 d5 2.c4 c6 3.Nf3 Nf6 4.Nc3 e6 5.e3 Nbd7 6.Bd3 dxc4 7.Bxc4 b5 8.Bd3 a6
9.e4 c5 10.e5 cxd4 11.Ne4 Ng4 12.Bf4 Bb4+ 13.Kf1 Be7 14.h3 Nh6 15.Bxh6 gxh6
16.Qd2 Bb7 17.Kg1 Nc5 18.Nxc5 Bxc5 19.Rc1 Be7 20.Re1 Bxf3 21.gxf3 Rg8+ 22.Kh2 f5
23.Qxh6 Qd5 24.Qh5+ Kd7 25.h4 Qxa2 26.Bxf5 exf5 27.e6+ Kc7 28.Qf7 Rae8 29.Qxf5 Bd6+
30.Kh3 Rgf8 31.Qxh7+ Re7 32.Qe4 Qb3 33.Rc1+ Kb8  0-1

[Event "Open A"]
[Site "Hamburg GER"]
[Date "2005.10.02"]
[Round "2"]
[White "Floor,D"]
[Black "Potkin,V"]
[Result "0-1"]
[WhiteElo "2222"]
[BlackElo "2555"]

1.d4 d5 2.c4 e6 3.Nc3 c6 4.e3 Nf6 5.Nf3 a6 6.Bd3 dxc4 7.Bxc4 b5 8.Bd3 c5
9.O-O Bb7 10.e4 cxd4 11.e5 dxc3 12.exf6 Nd7 13.Qe2 Nxf6 14.Rd1 Qc8 15.bxc3 Be7
16.Bb2 O-O 17.Rac1 Bd5 18.c4 bxc4 19.Bxc4 Bxc4 20.Rxc4 Qb7 21.h3 Rfc8 22.Rf4 Rd8
23.Rxd8+ Rxd8 24.Ra4 Qb5 25.Qc2 Rb8 26.Be5 Qb1+ 27.Qxb1 Rxb1+ 28.Kh2 Rb6
29.Bd4 Bd6+ 30.g3 Rc6 31.Ne5 Bxe5 32.Bxe5 Nd5 33.f4 f6 34.Bd4 h5 35.Kg2 h4
36.Kf3 hxg3 37.Kxg3 Kf7 38.Kf3 Ne7 39.Ke4 Nf5 40.Bf2 Ke7 41.Kd3 Kd7 42.Be1 Rd6+
43.Ke4 Rc6 44.Kd3 Ne7 45.Bd2 Nd5 46.Rd4 Rd6 47.Ke2 Nb6 48.Rb4 Kc6 49.Rb3 Nc4
50.Bc1 Rd7 51.Rc3 Kb5 52.Rb3+ Kc5 53.Rc3 a5 54.Be3+ Kb4 55.Rb3+ Ka4 56.Bc1 e5
57.fxe5 Nxe5 58.Be3 Nc6 59.Rc3 Nd4+ 60.Kd2 Ne6+  0-1

[Event "Wch-Seniors"]
[Site "Lignano Sabbiadoro ITA"]
[Date "2005.10.02"]
[Round "5"]
[White "Olsen,Willy"]
[Black "Neudel,B"]
[Result "1-0"]
[WhiteElo "2036"]
[BlackElo "1904"]

1.d4 d5 2.c4 c6 3.Nc3 Nf6 4.e3 e6 5.Nf3 Nbd7 6.Bd3 Be7 7.O-O O-O 8.Qe2 Qc7
9.e4 dxe4 10.Nxe4 Nxe4 11.Bxe4 Nf6 12.Bc2 c5 13.b3 cxd4 14.Nxd4 Bd7 15.Bb2 Rfe8
16.Qf3 e5 17.Nf5 Bf8 18.Nh6+ gxh6 19.Qxf6 Bg7 20.Qh4 f5 21.Rad1 f4 22.Be4 Rf8
23.Qe7 Rad8 24.Ba3 Rfe8 25.Qh4 Bc6 26.Bxc6 bxc6 27.Bb2 Qa5 28.a3 Qb6 29.b4 a5
30.Bc3 axb4 31.axb4 Qc7 32.Qg4 Qf7 33.Rxd8 Rxd8  1-0

[Event "Lichtenrader Autumn"]
[Site "Berlin GER"]
[Date "2005.10.03"]
[Round "3"]
[White "Figura,A"]
[Black "Hahlbohm,M"]
[Result "1-0"]
[WhiteElo "2342"]
[BlackElo "2119"]

1.d4 d5 2.c4 c6 3.Nc3 Nf6 4.e3 e6 5.Nf3 Bd6 6.Qc2 h6 7.Bd3 O-O 8.O-O a6 9.b3 b5
10.Bb2 Bb7 11.c5 Bc7 12.Ne2 Nbd7 13.h3 a5 14.a3 Qe7 15.b4 e5 16.dxe5 Nxe5
17.Nxe5 Bxe5 18.Nd4 Rfe8 19.Nb3 Bxb2 20.Qxb2 axb4 21.axb4 Rxa1 22.Rxa1 Ra8
23.Rxa8+ Bxa8 24.Qa1 Qb7 25.Qe5 Qd7 26.Bf5 Qe8 27.Qd6 Ne4 28.Qc7 Nf6 29.Nd4 g6
30.Bc8 Kg7 31.Qb8 Qe4 32.Qxa8 Qb1+ 33.Kh2 Qxb4 34.Qxc6 Qd2 35.Qxb5 Qxf2 36.Qe2 Qh4
37.c6 Ne4 38.Qg4 Qe1 39.Qf4 Nf2 40.Bf5 gxf5 41.Nxf5+ Kg6 42.Ne7+ Kg7 43.Nxd5 Qh1+
44.Kg3 Nd3 45.Qf6+ Kg8 46.Ne7+ Kf8 47.Ng6+  1-0

[Event "IX Itau Cup"]
[Site "Sao Paulo BRA"]
[Date "2005.10.03"]
[Round "2"]
[White "Limp,E"]
[Black "Moyses Fo.,J"]
[Result "1-0"]
[WhiteElo "2447"]
[BlackElo "2147"]

1.d4 d5 2.Nf3 Nf6 3.c4 e6 4.Nc3 c6 5.e3 Ne4 6.Nxe4 dxe4 7.Nd2 f5 8.f3 Qh4+
9.g3 Qh6 10.Qe2 Bd6 11.Bg2 exf3 12.Nxf3 O-O 13.O-O Nd7 14.e4 Qh5 15.exf5 Qxf5
16.Nh4  1-0

[Event "Veselin Boskovic Mem"]
[Site "Bijelo Polje SCG"]
[Date "2005.10.04"]
[Round "3"]
[White "Abramovic,B"]
[Black "Delchev,A"]
[Result "1/2-1/2"]
[WhiteElo "2482"]
[BlackElo "2669"]

1.d4 Nf6 2.c4 e6 3.Nf3 d5 4.Nc3 c6 5.e3 Nbd7 6.Bd3 dxc4 7.Bxc4 b5 8.Bd3 Bd6
9.O-O O-O 10.Qe2 a6 11.Rd1 Qe7 12.h3 Bb7 13.e4 e5 14.dxe5 Nxe5 15.Nxe5 Bxe5
16.f4 Bd4+ 17.Kh2 c5 18.e5 Bxc3 19.bxc3 Nd5 20.Bd2 c4 21.Be4 Rad8 22.a4 f5
23.Bxd5+ Rxd5 24.axb5 axb5 25.Be3 Rxd1 26.Rxd1 Be4 27.Qf2 Rc8 28.Rd6 Rc6
29.Bc5 Rxd6 30.Bxd6 Qe8 31.Bb4  1/2-1/2

[Event "Bygger'n Masters"]
[Site "Gausdal NOR"]
[Date "2005.10.04"]
[Round "4"]
[White "Tallaksen,G"]
[Black "Nordstrom,F"]
[Result "1/2-1/2"]
[WhiteElo "2350"]
[BlackElo "2184"]

1.d4 Nf6 2.c4 e6 3.Nf3 d5 4.Nc3 c6 5.e3 Nbd7 6.Bd3 Bd6 7.e4 dxe4 8.Nxe4 Nxe4
9.Bxe4 O-O 10.O-O h6 11.Bc2 e5 12.Qd3 f5 13.c5 Bc7 14.dxe5 Nxe5 15.Qb3+ Kh8
16.Bf4 Be6 17.Qe3 Nxf3+ 18.Qxf3 Bd5 19.Bxc7 Qxc7 20.Qc3 Qf7 21.Rfe1 Rae8
22.a3 Kg8 23.f3 g6  1/2-1/2

[Event "Open A"]
[Site "Hamburg GER"]
[Date "2005.10.04"]
[Round "4"]
[White "Glienke,M"]
[Black "Algra,J"]
[Result "0-1"]
[WhiteElo "2327"]
[BlackElo "2082"]

1.c4 c6 2.Nc3 d5 3.e3 Nf6 4.Nf3 e6 5.d4 Bd6 6.Qc2 Nbd7 7.b3 O-O 8.Bd3 e5
9.dxe5 Nxe5 10.Nxe5 Bxe5 11.Bb2 Be6 12.Rd1 Qa5 13.f4 dxc4 14.bxc4 Bc7 15.O-O Bb6
16.Rde1 Qh5 17.Rf3 Qh4 18.Qc1 Bg4 19.Rf2 Rad8 20.Bf1 Rfe8 21.g3 Qh5 22.h3 Bxh3
23.Rh2 Qf3 24.Bxh3 Rxe3  0-1

[Event "Open A"]
[Site "Hamburg GER"]
[Date "2005.10.04"]
[Round "4"]
[White "Bracker,A"]
[Black "Oelert,R"]
[Result "0-1"]
[WhiteElo "1924"]
[BlackElo "2134"]

1.d4 Nf6 2.c4 e6 3.Nc3 c6 4.Nf3 d5 5.e3 Nbd7 6.Qc2 Bd6 7.g4 h6 8.Rg1 e5 9.cxd5 Nxd5
10.dxe5 Bxe5 11.Nxe5 Nxe5 12.Qe4 Qe7 13.Nxd5 cxd5 14.Bb5+ Kf8 15.Qxd5 Bxg4
16.Be2 Rd8 17.Qb3 Bxe2 18.Kxe2 Qf6 19.Qxb7 Qf5  0-1

[Event "Vojvodina Quality League"]
[Site "Pancevo SCG"]
[Date "2005.10.04"]
[Round "2"]
[White "Mijatovic,D"]
[Black "Rolic,G"]
[Result "0-1"]
[WhiteElo "2281"]
[BlackElo "2176"]

1.d4 d5 2.c4 c6 3.Nf3 Nf6 4.Nc3 e6 5.e3 Nbd7 6.Qc2 Bd6 7.Be2 O-O 8.O-O Qe7
9.e4 dxe4 10.Nxe4 Nxe4 11.Qxe4 e5 12.Bg5 Qe8 13.Bd3 f5 14.Qh4 e4 15.c5 Bc7
16.Bc4+ Kh8 17.Rfe1 Qg6 18.Nd2 Nf6 19.Rad1 Nd5 20.f3 e3 21.Nf1 f4 22.g4 h6
23.Be7 Re8 24.Bd3 Qe6 25.Bd6 Bxd6 26.cxd6 Qf6 27.Qh5 Be6 28.Bg6 Red8 29.d7 Bxd7
30.Nd2 exd2 31.Re5 Ne7 32.Be4 Be8 33.Qh3 Ng6 34.g5 Qd6 35.Re6 Qxd4+ 36.Kf1 Bd7
37.Bxg6 Qc4+  0-1

[Event "IX Itau Cup"]
[Site "Sao Paulo BRA"]
[Date "2005.10.05"]
[Round "4"]
[White "Limp,E"]
[Black "Maia,L"]
[Result "0-1"]
[WhiteElo "2447"]
[BlackElo "2290"]

1.d4 Nf6 2.Nf3 d5 3.c4 c6 4.e3 e6 5.Nc3 Nbd7 6.Bd3 Bd6 7.O-O O-O 8.e4 dxc4
9.Bxc4 e5 10.h3 Qe7 11.Re1 exd4 12.Nxd4 Ne5 13.Be2 Ng6 14.Bf1 Rd8 15.Qc2 Bf4
16.Bxf4 Nxf4 17.e5 N6d5 18.Nxd5 Rxd5 19.Nf3 Be6 20.Qe4 Ng6 21.h4 h6 22.h5 Nf8
23.Qf4 Rad8 24.a3 Nh7 25.Bc4 R5d7 26.Bxe6 Qxe6 27.Re3 Nf8 28.Kh2 Qe7 29.Rae1 Ne6
30.Qg4 Qc5 31.R1e2 Rd1 32.Kg3 Qe7 33.Re1 Rxe1 34.Rxe1 Qc5 35.Re3 Qc2 36.b4 Rd5
37.Qe4 Qxe4 38.Rxe4 Rd3 39.Re3 Rxe3 40.fxe3 Nc7 41.Nd4 g6 42.e6 Nxe6 43.hxg6 Nxd4
44.gxf7+ Kxf7 45.exd4 Ke6 46.Kf4 Kd5 47.Ke3 Kc4  0-1

[Event "Belgrade Premier League"]
[Site "Belgrade SCG"]
[Date "2005.10.07"]
[Round "7"]
[White "Jovicic,Milo"]
[Black "Lukic,D"]
[Result "0-1"]
[WhiteElo "2365"]
[BlackElo "2248"]

1.Nf3 d5 2.d4 Nf6 3.c4 e6 4.Nc3 c6 5.e3 Nbd7 6.Qc2 Bd6 7.Bd2 O-O 8.Bd3 Qe7
9.O-O dxc4 10.Bxc4 e5 11.h3 h6 12.Nh4 Nb6 13.Ng6 Qd8 14.Bb3 exd4 15.exd4 Re8
16.Rfe1 Nbd5 17.Nxd5 Nxd5 18.Rxe8+ Qxe8 19.Bxd5 cxd5 20.Bf4 Bb4 21.Ne5 Qd8
22.Qb3 Ba5 23.Qg3 Qf6 24.Nf3 Bf5 25.Nh4 Be4 26.f3 Qxd4+ 27.Kh2 Bg6 28.Nxg6 fxg6
29.Be5 Qe3 30.Rd1 Re8 31.f4 Qxg3+ 32.Kxg3 Rd8 33.Kf3 Kf7 34.g4 Rd7 35.Rd3 Bb6
36.Rd2 Bd8 37.Bd4 b6 38.Rc2 Rc7 39.Rd2 Be7 40.Be5 Rd7 41.Rc2 Bc5 42.a3 a5
43.Ke2 g5 44.Kd3 gxf4 45.Bxf4 Re7 46.Rc1 Re4 47.Rf1 Ke6 48.Rf3 a4 49.Bd2 Bd4
50.Bc3 Bxc3 51.bxc3 Re1 52.Rf4 Rh1 53.Rxa4 Rxh3+ 54.Kc2 Rh4 55.Rb4 Kd7 56.a4 Kc6
57.Kb3 g6 58.Rf4 Kc5  0-1

[Event "Lichtenrader Autumn"]
[Site "Berlin GER"]
[Date "2005.10.07"]
[Round "5"]
[White "Figura,A"]
[Black "Postler,R"]
[Result "1-0"]
[WhiteElo "2342"]
[BlackElo "2331"]

1.d4 Nf6 2.c4 c6 3.Nc3 d5 4.e3 e6 5.Nf3 Nbd7 6.Qc2 Bd6 7.g4 Bb4 8.Bd2 Qe7
9.Rg1 Bxc3 10.Bxc3 Ne4 11.O-O-O Nxc3 12.Qxc3 O-O 13.Kb1 dxc4 14.Bxc4 c5 15.g5 cxd4
16.Qxd4 b6 17.Qh4 Bb7 18.g6 Qxh4 19.gxf7+ Rxf7 20.Nxh4 Be4+ 21.Ka1 Nf8 22.Rd4 Bb7
23.f4 Rc8 24.b3 Rc5 25.f5 Bd5 26.Bxd5 exd5 27.Kb2 Nd7 28.b4 Rc4 29.Rxc4 dxc4
30.Kc3 Re7 31.Rg3 Nf6 32.Rh3 b5 33.Ng2 Nd5+ 34.Kd4 Nxb4 35.Nf4 Nc2+ 36.Kc5 Re5+
37.Nd5 a6 38.Kd6 Re8 39.f6 Kf7 40.Rxh7 Rd8+ 41.Ke5 Rxd5+ 42.Kxd5 Kxf6 43.e4 Nb4+
44.Kd6 Nd3 45.Rh3 Ne5 46.Ra3  1-0

[Event "Lichtenrader Autumn"]
[Site "Berlin GER"]
[Date "2005.10.07"]
[Round "7"]
[White "Haemmerlein,T"]
[Black "Trebbin,W"]
[Result "1/2-1/2"]
[WhiteElo "2209"]
[BlackElo "2114"]

1.d4 d5 2.c4 c6 3.Nc3 Nf6 4.Nf3 e6 5.e3 Be7 6.Bd3 O-O 7.O-O b6 8.Qe2 Bb7
9.e4 dxe4 10.Nxe4 Nbd7 11.Rd1 Qc7 12.Bg5 Rfe8 13.Bh4 Nxe4 14.Qxe4 Nf8 15.Bg3 Bd6
16.c5 Bxg3 17.hxg3 Rad8 18.Qh4 f6 19.b4 Re7 20.Bc4 b5 21.Bb3 Bc8 22.Re1 Bd7
23.d5 cxd5 24.Qg4 Bc8 25.Nd4 a6 26.Qf3 Kh8 27.a4 e5 28.Qe2 Ng6 29.Nf3 e4
30.Nd4 bxa4 31.Bxa4 Ne5 32.Bc2 Rde8 33.Ba4 Rd8 34.Reb1 g6 35.Qd2 Rf7 36.Rc1 Nd3
37.Rcb1 Ne5 38.Ra2 Nc4 39.Qf4 Ne5 40.Bd1 g5 41.Qe3 Nc4 42.Qe1 a5 43.Nb5 Qe7
44.Bb3 axb4 45.Bxc4 dxc4 46.Nd6 Rg7 47.Rxb4 Qe5 48.Rxc4 Be6 49.Rxe4 Qxc5
50.Rxe6 Rxd6 51.Ra8+ Rg8 52.Ree8 Rxe8 53.Qxe8+ Kg7  1/2-1/2

[Event "Open A"]
[Site "Hamburg GER"]
[Date "2005.10.07"]
[Round "7"]
[White "Lucas,M"]
[Black "Lindinger,M"]
[Result "0-1"]
[WhiteElo "2071"]
[BlackElo "2303"]

1.d4 d5 2.c4 e6 3.Nc3 c6 4.Nf3 Nf6 5.e3 Nbd7 6.Qc2 Bd6 7.Bd3 dxc4 8.Bxc4 b5
9.Bd3 a6 10.O-O c5 11.Qe2 Bb7 12.Rd1 Qb8 13.h3 O-O 14.b3 Rc8 15.dxc5 Nxc5
16.Bb2 Bxf3 17.Qxf3 Bh2+ 18.Kh1 Be5 19.b4 Nxd3 20.Rxd3 Ra7 21.g3 Rac7 22.e4 Rc4
23.a3 Qc7 24.Nd1 Nxe4 25.Bxe5 Qxe5 26.Rb1 Nd2 27.Rxd2 Qe1+ 28.Kg2 Qxd2 29.Rb3 Rd8
30.Ne3 Rc1 31.g4 h6 32.Qe4 Qd4 33.Qf3 Qd6 34.h4 Qe5 35.Qb7 Qd6 36.Qe4 Qc6
37.Qxc6 Rxc6 38.Kf3 Kf8 39.Ke4 Ke7 40.Kf3 Rd2 41.h5 Rc8 42.a4 bxa4 43.Ra3 Rd4
44.Rxa4 Rc6  0-1

[Event "5th ch-Asian"]
[Site "Hyderabad IND"]
[Date "2005.10.07"]
[Round "2"]
[White "Lahiri,A"]
[Black "Grigoryan,K"]
[Result "1-0"]
[WhiteElo "2334"]
[BlackElo "2421"]

1.d4 d5 2.c4 c6 3.Nc3 Nf6 4.e3 e6 5.Nf3 Nbd7 6.Qc2 Bd6 7.Bd3 dxc4 8.Bxc4 b5
9.Be2 Bb7 10.O-O O-O 11.Rd1 Qb8 12.e4 e5 13.g3 c5 14.d5 a6 15.a4 c4 16.axb5 axb5
17.Bg5 Ba6 18.Nd2 Rc8 19.Rdc1 Bc5 20.Nd1 Qb6 21.Qb1 Bd4 22.Ra3 Nc5 23.Be3 Ncd7
24.Kg2 b4 25.Nxc4 Qb8 26.Ra5 Qb7 27.Nd6 Rxc1 28.Qxc1 Qb6 29.Rxa6 Rxa6 30.Qc8+  1-0

[Event "5th ch-Asian"]
[Site "Hyderabad IND"]
[Date "2005.10.07"]
[Round "2"]
[White "Gnusarev,P"]
[Black "Lim Yee Weng"]
[Result "1-0"]
[WhiteElo "2426"]
[BlackElo "2348"]

1.d4 d5 2.c4 c6 3.Nc3 Nf6 4.e3 e6 5.Nf3 Nbd7 6.Qc2 Bd6 7.Bd3 dxc4 8.Bxc4 b5
9.Be2 Bb7 10.O-O O-O 11.Rd1 Qb8 12.e4 e5 13.g3 c5 14.d5 a6 15.a4 c4 16.axb5 axb5
17.Bg5 Ba6 18.Nd2 Rc8 19.Rdc1 Bc5 20.Nd1 Qb6 21.Qb1 Bd4 22.Ra3 Nc5 23.Be3 Ncd7
24.Kg2 b4 25.Nxc4 Qb5 26.Ra1 Qb7 27.Nd6 Rxc1 28.Qxc1 Qb6 29.Rxa6 Rxa6 30.Qc8+ Nf8
31.Qxa6 Bxe3 32.Nxe3  1-0

[Event "IX Itau Cup"]
[Site "Sao Paulo BRA"]
[Date "2005.10.07"]
[Round "6"]
[White "Leitao,R"]
[Black "Maia,L"]
[Result "1-0"]
[WhiteElo "2586"]
[BlackElo "2290"]

1.d4 d5 2.c4 c6 3.Nc3 Nf6 4.e3 e6 5.Nf3 Nbd7 6.Qc2 b6 7.Bd3 dxc4 8.Bxc4 c5
9.d5 exd5 10.Nxd5 Bb7 11.Nxf6+ Qxf6 12.Bd2 Bd6 13.Bc3 Qe7 14.O-O-O O-O-O
15.Rxd6 Qxd6 16.Ng5 Bxg2 17.Nxf7 Qg6 18.Rg1 Qxc2+ 19.Kxc2 Be4+ 20.Kc1 Bg6
21.Nxh8 Rxh8 22.Bxg7 Re8 23.Rg5 Kc7 24.Kd2 Re4 25.Bd3 Re7 26.Bc3 Nf8 27.Bxg6 hxg6
28.h4 Rh7 29.Rg4 Kd7 30.Kd3 Kd6 31.b4  1-0

[Event "Open A"]
[Site "Hamburg GER"]
[Date "2005.10.08"]
[Round "8"]
[White "Bracker,A"]
[Black "Schoengart,R"]
[Result "1-0"]
[WhiteElo "1924"]
[BlackElo "2100"]

1.d4 d5 2.c4 c6 3.Nf3 Nf6 4.e3 e6 5.Nc3 Be7 6.Qc2 Nbd7 7.g4 dxc4 8.Bxc4 Nb6
9.Be2 Nbd5 10.Bd2 h6 11.h3 Bd7 12.e4 Nxc3 13.Bxc3 Qc7 14.Ne5 Nh7 15.O-O-O Bf6
16.f4 g5 17.f5 Bxe5 18.dxe5 O-O-O 19.Rd6 Rhe8 20.Rhd1 Nf8 21.Qd2 Kb8 22.h4 gxh4
23.Qxh6 Qb6 24.Qxh4 Qe3+ 25.R1d2 Kc7 26.Qh1 c5 27.Qf3 Qg5 28.Qd3 Bc8 29.Qb5 Nd7
30.Kc2 Nb6 31.Qxc5+ Kb8 32.Ba5 Bd7 33.Bxb6 Rc8 34.Bxa7+ Ka8 35.Rxd7 Qe3 36.Rd8 Qxe4+
37.Kb3 Rexd8 38.Rxd8 Rxd8 39.Bb6 Qd5+ 40.Qxd5 Rxd5 41.Bc7 Rd4 42.fxe6 fxe6
43.g5 Re4 44.Bc4 Rg4 45.Bd8 Re4 46.Bf6  1-0

[Event "5th ch-Asian"]
[Site "Hyderabad IND"]
[Date "2005.10.08"]
[Round "3"]
[White "Wang Rui"]
[Black "Al Modiahki,M"]
[Result "0-1"]
[WhiteElo "2474"]
[BlackElo "2568"]

1.d4 d5 2.Nf3 Nf6 3.c4 c6 4.Nc3 e6 5.e3 Nbd7 6.Qc2 Bd6 7.Bd3 dxc4 8.Bxc4 O-O
9.O-O Qe7 10.a3 e5 11.h3 Bb8 12.Ba2 h6 13.Nh4 Rd8 14.Nf5 Qe8 15.Bd2 Nf8 16.Rad1 Qd7
17.Ng3 exd4 18.exd4 Qc7 19.Nce2 Be6 20.Bb1 Ng6 21.Qc1 Qd7 22.Bxg6 fxg6 23.Bf4 g5
24.Be5 Qf7 25.Nc3 Nd7 26.Bxb8 Raxb8 27.Nge4 Nb6 28.f4 g4 29.f5 Bc4 30.Rf2 gxh3
31.gxh3 Nd5 32.f6 Nxc3 33.bxc3 Bd5 34.Rg2 g6 35.Qf4 Bxe4 36.Qxe4 Kh7 37.Qf4 Rf8
38.Re1 Qxf6 39.Qxf6 Rxf6 40.Re7+ Kg8 41.Rf2 Rxf2 42.Kxf2 Rf8+ 43.Ke3 Rf7
44.Re8+ Kg7 45.c4 Kf6 46.Rg8 Re7+ 47.Kd3 Re1 48.Rf8+ Ke7 49.Rb8 Rb1 50.Kc2 Rb6
51.h4 Ke6 52.h5 gxh5 53.Rh8 Kf5 54.Rxh6 Ke4 55.c5 Ra6 56.Rxh5 Kxd4 57.Rh7 Kxc5
58.Rxb7 Rxa3 59.Kb2 Ra5 60.Rh7 Kb6 61.Rh6 Rg5 62.Kb3 Kb5 63.Rh3 c5 64.Rf3 a5
65.Rh3 Rd5 66.Rg3 a4+ 67.Ka3 Rd1 68.Rg4 Rd3+ 69.Kb2 Rd2+ 70.Ka3 Rd4 71.Rg8 Rd3+
72.Kb2 Kb4 73.Rb8+ Kc4 74.Rh8 Rb3+ 75.Ka2 Re3 76.Kb2 Rd3 77.Rg8 Rd2+ 78.Ka3 Rd1
79.Rg4+ Kb5 80.Rh4 Rd3+ 81.Kb2 a3+ 82.Ka2 c4 83.Rh8 Kb4 84.Rh2 Rd4 85.Rh8 Rd2+
86.Kb1 c3 87.Rb8+ Kc4 88.Ra8 Kd3 89.Rd8+ Ke2 90.Rc8 Rd3 91.Kc2 a2 92.Re8+ Re3
93.Ra8 Ke1 94.Ra7 Kf2 95.Kb3 Ke2 96.Rxa2+ Kd3 97.Ra8 Kd2 98.Rc8 Rd3 99.Rc7 Rd8
100.Rc6 Rb8+ 101.Ka2 c2 102.Rd6+ Kc1 103.Rc6 Ra8+ 104.Kb3 Kb1  0-1

[Event "Vojvodina Quality League"]
[Site "Pancevo SCG"]
[Date "2005.10.08"]
[Round "8"]
[White "Cengija,V"]
[Black "Mijatovic,D"]
[Result "1/2-1/2"]
[WhiteElo "2232"]
[BlackElo "2281"]

1.d4 d5 2.c4 c6 3.Nc3 Nf6 4.e3 e6 5.Nf3 Nbd7 6.Qc2 Bd6 7.Bd3 dxc4 8.Bxc4 Qe7
9.O-O O-O 10.Ne4 Nxe4 11.Qxe4 e5 12.dxe5 Nxe5 13.Nxe5 Qxe5 14.Qxe5 Bxe5 15.a4 Rd8
16.f3 Be6 17.Bxe6 fxe6 18.Ra3 Rd7 19.f4 Bf6 20.Rb3 Rad8 21.Kf2 Rd1 22.Re1 R8d7
23.Ke2 R1d5 24.Rb4 a5 25.Rb3 Be7 26.e4 Rd4 27.e5 Rxa4 28.Be3 Rb4 29.Rxb4 Bxb4
30.Rc1 Rd5 31.g4 Kf7 32.h4 g6 33.h5 a4 34.Rc2 c5 35.Kf3 b5 36.Ke4 gxh5 37.Rh2 c4
38.f5 a3 39.bxa3 Bc3 40.Rxh5 Rxe5+ 41.Kf4 exf5 42.gxf5 Kg8 43.Rg5+ Kf7 44.Rh5 Kg8
45.Rg5+ Kf7 46.Rh5 Kg8 47.Rh6 Rd5 48.Re6 Bb2 49.Ke4 Rd1 50.Rb6 Re1 51.Kf3 Rf1+
52.Kg4 Bxa3 53.Rxb5 c3 54.Rb3 c2 55.Rxa3 c1=Q 56.Bxc1 Rxc1 57.Kg5 Rc6 58.Ra8+ Kg7
59.Ra7+ Kg8 60.f6 Rc5+ 61.Kh6 Rf5  1/2-1/2

[Event "TCh-BEL 2005-6"]
[Site "Belgium BEL"]
[Date "2005.10.09"]
[Round "1"]
[White "Groffen,H"]
[Black "Maenhout,T"]
[Result "1/2-1/2"]
[WhiteElo "2210"]
[BlackElo "2282"]

1.d4 d5 2.c4 c6 3.Nf3 Nf6 4.Nc3 e6 5.e3 Nbd7 6.Qc2 Bd6 7.g4 dxc4 8.Bxc4 e5
9.g5 Nd5 10.Ne4 Bb4+ 11.Bd2 Qe7 12.O-O-O O-O 13.dxe5 Nxe5 14.Nxe5 Qxe5 15.Bxd5 Bxd2+
16.Qxd2 cxd5 17.Qxd5 Qxd5 18.Rxd5 Be6 19.Ra5 b6 20.Ra4 a5 21.a3 Rfd8 22.Nc3 b5
23.Rd4 Rxd4 24.exd4 b4 25.Na4 bxa3 26.bxa3 Rd8 27.Nc5 Rxd4 28.Nxe6 fxe6 29.Re1 Rd5
30.h4 Kf7 31.Re4 e5 32.Kc2 Kg6 33.Kc3 Kf5 34.f3 Rc5+ 35.Kd3 h6 36.gxh6 gxh6
37.Rg4 h5  1/2-1/2

[Event "Wch-Seniors"]
[Site "Lignano Sabbiadoro ITA"]
[Date "2005.10.09"]
[Round "11"]
[White "Gerenski,H"]
[Black "Taksrud,V"]
[Result "1-0"]
[WhiteElo "2192"]
[BlackElo "2049"]

1.d4 d5 2.c4 c6 3.Nc3 Nf6 4.e3 e6 5.Nf3 Nbd7 6.Qc2 Bd6 7.b3 O-O 8.Bd3 e5
9.cxd5 cxd5 10.Nb5 Bb8 11.dxe5 Nxe5 12.Nxe5 Bxe5 13.Bb2 Bxb2 14.Qxb2 Bd7
15.O-O a6 16.Nd4 Rc8 17.Rac1 Qa5 18.h3 Rfe8 19.Bf5 g6 20.Bxd7 Nxd7 21.Nf3 Qb6
22.Rfd1 Qf6 23.Qd2 Nb6 24.Qb4 Rc6 25.Nd4 Rd6 26.a4 Qe7 27.Rc3 Rc8 28.Rdc1 Rxc3
29.Rxc3 Qd7 30.Qc5 Kg7 31.a5 Na8 32.Qa7 Nc7 33.Qxb7 Ne8 34.Qb8 h5 35.Rc8 Nf6
36.Rc7 Qd8 37.Qxd8 Rxd8 38.Ne6+  1-0

[Event "Goodbye Summer Open"]
[Site "Omis CRO"]
[Date "2005.10.10"]
[Round "1"]
[White "Jovanic,O"]
[Black "Brkic,I"]
[Result "1-0"]
[WhiteElo "2469"]
[BlackElo "2121"]

1.d4 d5 2.c4 c6 3.Nc3 Nf6 4.e3 e6 5.Nf3 Be7 6.Bd3 Nbd7 7.O-O h6 8.b3 b6 9.Bb2 Bb7
10.e4 dxe4 11.Nxe4 Nxe4 12.Bxe4 Bf6 13.Qe2 O-O 14.Rac1 Qc7 15.Rfd1 a5 16.Bb1 Rfe8
17.c5 b5 18.Re1 g6 19.Rcd1 Bg7 20.g3 Nf6 21.Be4 a4 22.b4 Rad8 23.Bc1 Qc8
24.a3 Nd5 25.Qc2 Qd7 26.Ne5 Qc8 27.h4 Qc7 28.Bf3 Bc8 29.Kg2 Re7 30.Bd2 Bd7
31.Bc1 Be8 32.Ng4 Kh7 33.h5 f5 34.hxg6+ Bxg6 35.Ne5 Bxe5 36.Rxe5 Kg7 37.Rde1 Qd7
38.Bxd5 cxd5 39.c6 Qc8 40.Qc5 Kf7 41.Bf4 Qa8 42.R5e3 Rc8 43.c7 Qb7 44.Rc1 Kf6
45.Qd6 Be8 46.Bxh6 Rcxc7 47.Rxc7 Qxc7 48.Rxe6+ Kf7 49.Rf6+ Kg8 50.Rf8+ Kh7
51.Qf6  1-0

[Event "Goodbye Summer Open"]
[Site "Omis CRO"]
[Date "2005.10.12"]
[Round "4"]
[White "Martic,Z"]
[Black "Brkic,I"]
[Result "0-1"]
[WhiteElo "2298"]
[BlackElo "2121"]

1.d4 d5 2.c4 c6 3.Nf3 Nf6 4.Nc3 e6 5.e3 Nbd7 6.Bd3 Be7 7.O-O O-O 8.e4 dxe4
9.Nxe4 Nxe4 10.Bxe4 Nf6 11.Bc2 b6 12.Qd3 Bb7 13.Bg5 g6 14.Bh6 Re8 15.Rad1 Bf8
16.Bxf8 Rxf8 17.Qe3 Kg7 18.Rfe1 Qc7 19.Ne5 Rad8 20.h4 Ng8 21.h5 Bc8 22.Qg3 f6
23.hxg6 h6 24.Nf7 Qxg3 25.fxg3 Rd7 26.Rxe6 Rdxf7 27.gxf7 Bxe6 28.fxg8=Q+ Bxg8
29.d5 cxd5 30.cxd5 Rd8 31.d6 Be6 32.Kf2 f5 33.Ke3 Kf6 34.Kf4 h5 35.Rd4 Bd7
36.Bd1 Rh8 37.b4 h4 38.g4 Rg8 39.Rd5 fxg4 40.Rh5 h3 41.g3 Rc8 42.Rh6+ Kg7
43.Kg5 Rc4 44.Bb3 Rxb4 45.Rg6+ Kh7 46.Rf6 Rb5+ 47.Kf4 Rxb3 48.axb3 h2 49.Kg5 h1=Q
50.Rf7+ Kg8 51.Rxd7 Qd5+ 52.Kf6 Qf3+ 53.Kg6 Qxg3 54.Kf6 Qxb3 55.Rd8+ Kh7  0-1

[Event "Goodbye Summer Open"]
[Site "Omis CRO"]
[Date "2005.10.13"]
[Round "6"]
[White "Martinovic,Sa"]
[Black "Brumen,D"]
[Result "0-1"]
[WhiteElo "2182"]
[BlackElo "2362"]

1.d4 d5 2.c4 e6 3.Nc3 Nf6 4.Nf3 c6 5.e3 Nbd7 6.Qc2 Bd6 7.g4 dxc4 8.Bxc4 e5
9.Bd2 exd4 10.Nxd4 Ne5 11.Be2 Nexg4 12.h3 Ne5 13.O-O-O O-O 14.Rdg1 Kh8 15.f4 Ng6
16.h4 h5 17.Rg5 Bxf4 18.Nxc6 bxc6 19.exf4 Qd4 20.Qa4 Qxa4 21.Nxa4 Ne4 22.Rxh5+ Kg8
23.Rg1 Nxd2 24.Kxd2 Nxf4 25.Rhg5 g6 26.Bc4 Be6 27.Bxe6 Nxe6 28.R5g4 Rad8+
29.Kc3 Rd5 30.b4 Rfd8 31.R1g3 Nd4 32.Kc4 Nf5 33.Rh3 Re5 34.Kc3 Ne3 35.Rd4 Nd5+
36.Kc4 Rb8 37.a3 Rbe8 38.Nc5 f5 39.Nd3 Nb6+ 40.Kc3 Nd5+ 41.Kc4 Re2 42.Nf4 Nxf4
43.Rxf4 Kg7 44.Kc5 Rc2+ 45.Kd6 Kf6 46.Rhf3 Re5 47.a4 a5 48.bxa5 Rxa5 49.Re3 Rd5+
50.Kc7 Re5 51.Rd3 Re7+ 52.Kb6 Re6 53.Ra3 c5+ 54.Kb5 Re8 55.a5 Rb8+ 56.Kc6 Ke5
57.Raa4 Rcb2 58.a6 R8b6+ 59.Kxc5 R2b5+ 60.Kc4 Kxf4 61.a7 Rb8 62.axb8=Q+ Rxb8
63.Kd5+ Kg3 64.Ke5 f4 65.Kf6 Rb6+ 66.Kg5 f3 67.Rg4+ Kh2 68.Rf4 Kg2 69.Rg4+ Kf1
70.Kf4 Ke2 71.Kg3 Rf6 72.Re4+ Kd3 73.Re1 f2 74.Rf1 Ke2 75.Kg2 Rf5  0-1

[Event "5th ch-Asian"]
[Site "Hyderabad IND"]
[Date "2005.10.14"]
[Round "8"]
[White "Kotsur,P"]
[Black "Megaranto,S"]
[Result "1-0"]
[WhiteElo "2587"]
[BlackElo "2530"]

1.c4 c6 2.d4 d5 3.Nc3 Nf6 4.e3 e6 5.Nf3 Nbd7 6.Bd3 Bd6 7.e4 dxe4 8.Nxe4 Nxe4
9.Bxe4 Nf6 10.Bc2 Bb4+ 11.Bd2 Bxd2+ 12.Qxd2 b6 13.O-O-O Bb7 14.Qg5 O-O 15.Qh4 g6
16.Rhe1 Nh5 17.Qe4 Qc7 18.Qe5 Rac8 19.g4 Ng7 20.c5 Rfd8 21.Bb3 Qxe5 22.Nxe5 Rc7
23.f4 Kf8 24.a3 Ba6 25.Re3 f6 26.Nf3 Bc8 27.h3 Re7 28.Rde1 Rc7 29.Kc2 b5
30.Kc3 a5 31.Bc2 Rb7 32.b4 Ra7 33.Nd2 Rad7 34.Rd3 a4 35.Nf3 Re7 36.Rde3 Ne8
37.g5 Bd7 38.f5 gxf5 39.Bxf5 Nc7 40.gxf6 Nd5+ 41.Kd2 Ree8 42.Bxh7 Nxe3 43.Rxe3 e5
44.Nxe5 Bxh3 45.Kc3 Bg2 46.Rg3 Bd5 47.Rg7 Rxe5 48.dxe5  1-0